|
|
|
|
| LEADER |
00677cam a2200181 7i4500 |
| 001 |
0000003687 |
| 005 |
20160525090000.0 |
| 020 |
|
|
|a 0205353118
|
| 090 |
0 |
0 |
|a HM571
|b .N48 2003
|
| 100 |
1 |
|
|a Neuman, W. Lawrence
|
| 245 |
1 |
0 |
|a Social research methods :
|b qualitative and quantitative approaches
|c W. Lawrence Neuman.
|
| 260 |
|
|
|a Boston:
|b Allyn and Bacon,
|c 2003.
|
| 300 |
|
|
|a viii, 584 p.:
|b ill.;
|c 25 cm.
|
| 490 |
0 |
|
|a Relevance of social research
|
| 504 |
|
|
|a Includes bibliographical references and index
|
| 650 |
0 |
0 |
|a Sociology --
|x Research --
|x Methodology
|
| 650 |
0 |
0 |
|a Social sciences --
|x Research --
|x Methodology
|
| 999 |
|
|
|a 0000003668
|b BOK
|c OPEN SHELF
|e 1st Floor, Shah Alam
|